000 00629nam a2200241 a 4500
001 nice12345678
003 IN_TiNIC
005 20260116015243.0
008 050524s1996 sera grp 000 0 eng
020 _a
_c100
082 0 0 _a230
_bSAT
100 _aSatyaranjan, D S
245 _aAffirming Faith in Indian Context
_b New Mandate for the New Century
260 _aSerampore
_bSerampore College
_c1996
300 _a212p
500 _aincludes index and biblioraphy
505 2 _aIndex
650 _aTheology-Study and Teaching
700 1 _aSatyaranjan, D S
902 _bSRS
942 _cBK
999 _c18935
_d18935